Las tácticas del habitar (Registro nro. 17716)

Detalles MARC
000 -LDR (LÍDER)
Campo de control de longitud fija 02341nam a2200337 a 4500
003 - IDENTIFICADOR DEL NÚMERO DE CONTROL
Campo de control CO-PeBPR
005 - FECHA Y HORA DE LA ÚLTIMA TRANSACCIÓN
Campo de control 20260417104549.0
008 - ELEMENTOS DE DATOS DE LONGITUD FIJA--INFORMACIÓN GENERAL
Campo de control de longitud fija 260415e2019 ck a|||| n||| 00| 0 spa c
020 ## - Código Internacional normalizado para libros
Código Internacional normalizado para libros 9789587839562
040 0# - FUENTE DE CATALOGACIÓN
Agencia catalogadora original CO-PeBPR
Idioma de la agencia catalogadora spa
Agencia que transcribe CO-PeBPR
Norma para la descripción rda
041 0# - Código del Idioma
Código idioma del recurso original spa
082 04 - NÚMERO DE CLASIFICACIÓN DECIMAL DEWEY
Número de clasificación 307.2209861 G245t
100 1# - ASIENTO PRINCIPAL--NOMBRE PERSONAL
Nombre personal Garzón Martínez, María Angélica
Fechas asociadas al nombre 1978
Términos de relación autora
245 10 - MENCIÓN DE TÍTULO
Título propiamente dicho Las tácticas del habitar
Subtítulo o título paralelo : prácticas de recuerdos y (re)significación de lugares en contextos de retorno de población
Mención de responsabilidad / María Angélica Garzón Martínez
250 ## - MENCIÓN DE EDICIÓN
Mención de edición Primera edición
264 #1 - Área de la Producción Publicación, Distribución, Manufactura, etc.
Lugar de publicación, distribución, etc. Bogotá, Colombia
Nombre de la editorial, distribuidor, etc. : Universidad Nacional de Colombia
-- ; Centro de Estudios Sociales (CES)
Fecha de publicación, distribución, etc. , 2019
300 ## - DESCRIPCIÓN FÍSICA
Extensión 222 páginas
Otros detalles físicos : ilustraciones a color, fotografías
Dimensiones ; 24 centímetros
336 ## - Tipo de Contenido
Tipo de contenido texto
Código de tipo de contenido txt
Fuente rdacontenido
337 ## - Tipo de Medio
Tipo de Medio sin mediación
Código de tipo de medio n
Fuente rdamedio
338 ## - Tipo de Soporte
Tipo de soporte volumen
Código de tipo de soporte nc
Fuente rdasoporte
490 ## - MENCIÓN DE SERIE
Título de la serie Colección CES
500 ## - NOTA GENERAL
Nota general Incluye índice.
520 ## - NOTA DE RESUMEN, ETC.
Nota de sumario ¿Cómo habitar de nuevo lugares marcados por el miedo y la muerte? Esta es la pregunta central que aborda este libro. A partir de la experiencia de retorno a los municipios de El Salado, Macayepo y San José del Peñón —ubicados en la región de Montes de María (Colombia)—, el texto analiza el papel de las prácticas del recuerdo en la (re)significación de lugares, biografías y proyectos colectivos de comunidades que apuestan por permanecer en un territorio, a pesar de que la violencia y las condiciones que produjeron su desplazamiento forzado siguen vigentes. Desde la ubicación en el intersticio de los estudios de la movilidad forzada, los trabajos de la memoria y la sociología de la vida cotidiana y a través de un trabajo etnográfico y de reconstrucción de memorias, el libro expone, mediante la cotidianidad de estos retornos, las diversas formas en que las poblaciones construyen argumentos para volver después de la expulsión forzada, las prácticas para rehacerse en medio del dolor y las luchas que adelantan para lograr una vida digna.
650 14 - ASIENTO SECUNDARIO DE MATERIA - TÉRMINO TEMÁTICO
Fuente del encabezado o término LEMB
Encabezamiento temático Comunidades rurales
650 14 - ASIENTO SECUNDARIO DE MATERIA - TÉRMINO TEMÁTICO
Fuente del encabezado o término LEMB
Subdivisión geográfica Montes de María - Bolívar - Colombia
650 14 - ASIENTO SECUNDARIO DE MATERIA - TÉRMINO TEMÁTICO
Fuente del encabezado o término LEMB
Encabezamiento temático Conflicto armado
650 14 - ASIENTO SECUNDARIO DE MATERIA - TÉRMINO TEMÁTICO
Fuente del encabezado o término LEMB
Encabezamiento temático Desplazados por la violencia
650 14 - ASIENTO SECUNDARIO DE MATERIA - TÉRMINO TEMÁTICO
Fuente del encabezado o término LEMB
Encabezamiento temático Campesinos
651 14 - ASIENTO SECUNDARIO DE MATERIA - NOMBRE GEOGRÁFICO
Fuente del encabezado o término LEMB
Encabezamiento geográfico El Salado (Bolívar) (Colombia)
942 ## - ENTRADA DE ELEMENTOS AGREGADOS (KOHA
Fuente de clasificación o esquema de estantería. Dewey Decimal Classification
Tipo de ítem Libro
Existencias
Estado de pérdida Fuente del sistema de clasificación o colocación Estado de daño No disponible para préstamo Colección Biblioteca de origen Biblioteca actual Ubicación en estantería Signatura topográfica completa Ejemplar Código de barras Tipo de ítem Fecha de adquisición Fuente de adquisición Total de pagos Fecha de la última vez visto
  Dewey Decimal Classification     General Biblioteca Pública Departamental Comfamiliar Risaralda Biblioteca Pública Departamental Comfamiliar Risaralda Área General 307.2209861 G245t Ej.1 RIBPD14894 Libro 17/04/2026 Dotación MinCultura y BNC   17/04/2026